000 01040nam a22003257a 4500
003 CHAP
005 20220817040843.0
008 971013s1985 r 00010 d
010 _a1517
011 _a2489
035 _a1683
040 _cCHAP
082 _a972.015 02
100 0 0 _aOchiai, Kazuyasu.
_982651
245 _aCuando los santos vienen marchando
_b: rituales públicos intercomunitarios tzotziles
260 _aSan Cristóbal, Chiapas :
_bUniversidad Autónoma de Chiapas,
_c1985
300 _a224 p.
_b: ilus
490 _aSerie monografias
_v; 3
500 _aD42-37
590 _aBATCH-UPD
_b10
_c20130110
_lUCH01
_h0919
590 _aBATCH-UPD
_b10
_c20130410
_lUCH01
_h0541
590 _aBATCH-UPD
_b10
_c20130914
_lUCH01
_h1805
590 _aCONVERSION
_b10
_c20130109
_lUCH01
_h1302
650 1 4 _aMayas
_xReligión y mitología.
_973215
650 1 4 _aTzotziles.
_9115758
830 0 _aSerie monografias
_v; 3
901 _aBK
942 _cLIBRO
949 _a972.015 02
_bBC
_cLIBRO
_d33724000151361
_eLIBRO
_h78990
_i1683
_si
999 _c1517
_d1517